Indiana illustrated classics: (Record no. 9862)

MARC details
000 -LEADER
fixed length control field 00986nam a22001817a 4500
003 - CONTROL NUMBER IDENTIFIER
control field OSt
005 - DATE AND TIME OF LATEST TRANSACTION
control field 20260424084114.0
008 - FIXED-LENGTH DATA ELEMENTS--GENERAL INFORMATION
fixed length control field 260424b |||||||| |||| 00| 0 eng d
020 ## - INTERNATIONAL STANDARD BOOK NUMBER
International Standard Book Number 9788184082043
040 ## - CATALOGING SOURCE
Original cataloging agency DWCL GS lib
Transcribing agency OC
082 ## - DEWEY DECIMAL CLASSIFICATION NUMBER
Classification number Fic. D886 2008
100 ## - MAIN ENTRY--PERSONAL NAME
Personal name Dumas, Alexandre
245 ## - TITLE STATEMENT
Title Indiana illustrated classics:
Remainder of title the man in the iron mask
Statement of responsibility, etc. Alexandre Dumas
300 ## - PHYSICAL DESCRIPTION
Extent 238
Other physical details illustrations
Dimensions 21 cm
520 ## - SUMMARY, ETC.
Summary, etc. The Man in the Iron Mask is a classic tale of political intrigue, part of Alexandre Dumas's D'Artagnan Romances. It follows an aging Aramis, now a bishop, who attempts to replace the cruel, arrogant King Louis XIV with his identical twin brother, Philippe, a man kept in hidden confinement under an iron mask. The plot centers on loyalty, friendship, and the musketeers' (Athos, Porthos, Aramis, D'Artagnan) opposing roles in the scandal.
700 ## - ADDED ENTRY--PERSONAL NAME
Personal name Alexandre Dumas
942 ## - ADDED ENTRY ELEMENTS (KOHA)
Source of classification or shelving scheme Dewey Decimal Classification
Koha item type Fiction
Classification part Fic. D886 2008
Suppress in OPAC No
952 ## - LOCATION AND ITEM INFORMATION (KOHA)
--
Holdings
Withdrawn status Lost status Source of classification or shelving scheme Damaged status Not for loan Home library Current library Shelving location Date acquired Source of acquisition Total Checkouts Full call number Barcode Date last seen Price effective from Koha item type Uniform Resource Identifier
    Dewey Decimal Classification     Grade School Library Grade School Library Fiction 04/24/2026 School Fund, Donation   Fic. D886 2008 20487 04/24/2026 04/24/2026 FIC.